Images That Start with 'U' Quiz Stats

 Plays Quiz Updated Nov 8, 2017

Challenge
Share
Tweet
Score 0/20 Timer 04:00
4 Plays Today
% Correct
unicorn
99.5%
umbrella
98.8%
unicycle
97.1%
Uranus
91.7%
uniform
91.6%
urinal
90.2%
umpire
87.5%
Utah
85.6%
ukulele
84.8%
urn
84.5%
% Correct
ultrasound
84.3%
udder
82.7%
usher
76.5%
urchin
76.2%
Uruguay
73.7%
undershirt
68.1%
updo
53.6%
umlaut
42%
ugli fruit
26.8%
upsilons
21.5%

You're not logged in!

Compare scores with friends on all Sporcle quizzes.
OR
Log In

You Might Also Like...

Show Comments

Extras

Top Quizzes Today


Score Distribution

Your Account Isn't Verified!

In order to create a playlist on Sporcle, you need to verify the email address you used during registration. Go to your Sporcle Settings to finish the process.

Report this User

Report this user for behavior that violates our Community Guidelines.

Details: